000
00251 a2200121 4500
000
nam a22 7a 4500
100
_a
nixon
110
_a
nixon
245
_a
human virology
260
_b
cell pub
_c
2026
264
_b
cell pub
_c
2026
942
_c
BK
999
_c
394890
_d
394890